Collected works with commentaries
Αποθηκεύτηκε σε:
| Κύριος συγγραφέας: | |
|---|---|
| Άλλοι συγγραφείς: | |
| Μορφή: | Βιβλίο |
| Γλώσσα: | English |
| Δημοσίευση: |
Cambridge, Mass. ; : London :
MIT Press,
c1985
|
| Σειρά: | Mathematicians of our time ;
; 23 |
| Θέματα: | |
| Ετικέτες: |
Προσθήκη ετικέτας
Δεν υπάρχουν, Καταχωρήστε ετικέτα πρώτοι!
|
MARC
| LEADER | 00000nam a2200000 i 4500 | ||
|---|---|---|---|
| 001 | 1/73403 | ||
| 008 | 990316s1985 eng d | ||
| 020 | |a 0-262-23123-9 | ||
| 035 | |l 10048804 | ||
| 040 | |a GR-MY-UA |b eng |e aacr | ||
| 041 | 0 | |a eng | |
| 082 | 0 | |a 510.8 | |
| 100 | 1 | |a Wiener, Norbert |d 1894-1964. | |
| 245 | 1 | 0 | |a Collected works with commentaries / |c edited by P. Masani |
| 260 | |a Cambridge, Mass. ; : |a London : |b MIT Press, |c c1985 | ||
| 300 | |a xx, 1083 p.; |b ill.; |c 27 cm. | ||
| 490 | 1 | |a Mathematicians of our time |v ; 23 | |
| 500 | |a Includes articles in French and German | ||
| 500 | |a Includes bibliographical references and index | ||
| 505 | 0 | |a v.4. Cybernetics, science, and society ; ethics, aesthetics, and literary critism ; book review and obituaries | |
| 600 | 1 | 0 | |a Wiener Norbert |d 1894-1964 |x Bibliography. |
| 650 | 0 | 0 | |a Mathematics. |
| 700 | 1 | |a Masani, Pesi Rustom. |4 edt | |
| 740 | 0 | 2 | |a Cybernetics, science, and society ; ethic, aesthetic, and literary criticism ; book reviews and obituaries |
| 830 | 0 | |a Mathematicians of our time ; |v ; 23 | |
| 852 | |a INST |b SAMOS |e 19990316 |h 510.8 WIE |p 005300013166 |q 005300013166 |t BK |y 0 |z v.4 | ||
| 852 | |a INST |b SAMOS |e 19990316 |h 510.8 WIE |p 005300013166 |q 005300013166 |t BK |v v.4: |y 0 |z v.4 | ||
| 853 | |a INST |b SAMOS |h 510.8 WIE | ||
| 901 | |a BIBL-1999-1 | ||
| 909 | |a Σ |b 063151 | ||
| 922 | |a 3ΕΛΗ |b 199902 |c ΕΠΕΑΕΚ/ΜΑΘ |d LEADER | ||